Statistics for Top 10 Least Religious U.S. States

Click here to take the quiz!

General Stats

  • This quiz has been taken 27,598 times
    (27,514 since last reset)
  • The average score is 6 of 10

Answer Stats

%State% Correct
72New York
86%
63Maine
77%
57Vermont
71%
67Washington
69%
60New Hampshire
67%
70Oregon
62%
63Massachusetts
61%
69Connecticut
59%
70Alaska
48%
69Montana
30%

Score Distribution

Percentile by Number Answered

Percent of People with Each Score

Your Score History

You have not taken this quiz since the last reset